En el barrio / (Registro nro. 12177)

Detalles MARC
000 -LEADER
fixed length control field 00807nam a22002777a 4500
001 - CONTROL NUMBER
control field 000770
003 - CONTROL NUMBER IDENTIFIER
control field DO-SdBNP
005 - DATE AND TIME OF LATEST TRANSACTION
control field 20171128104108.0
007 - PHYSICAL DESCRIPTION FIXED FIELD--GENERAL INFORMATION
fixed length control field 000770
008 - FIXED-LENGTH DATA ELEMENTS--GENERAL INFORMATION
fixed length control field 161129b 1994 sp a ||||| |||| 00| 0 spa d
020 ## - INTERNATIONAL STANDARD BOOK NUMBER
International Standard Book Number 05902937293723
020 ## - INTERNATIONAL STANDARD BOOK NUMBER
International Standard Book Number 9780590293723
040 ## - CATALOGING SOURCE
Original cataloging agency BPMSU
Language of cataloging spa
Transcribing agency BPMSU
082 ## - DEWEY DECIMAL CLASSIFICATION NUMBER
Classification number xxxx
Item number xxxx
100 1# - MAIN ENTRY--PERSONAL NAME
Personal name Ada, Alma Flor,
Dates associated with a name 1938-
240 1# - UNIFORM TITLE
Uniform title <a href="In the barrio ">In the barrio </a>
245 10 - TITLE STATEMENT
Title En el barrio /
Statement of responsibility, etc. escrito por Alma Flor Ada ; ilustrado por Liliana Wilson Grez..
260 ## - PUBLICATION, DISTRIBUTION, ETC. (IMPRINT)
Place of publication, distribution, etc. New York :
Name of publisher, distributor, etc. Scholastic,
Date of publication, distribution, etc. 1994.
300 ## - PHYSICAL DESCRIPTION
Extent 16 p. :
Other physical details il. ;
Dimensions 24 cm.
490 1# - SERIES STATEMENT
Series statement Beginning literacy.
700 12 - ADDED ENTRY--PERSONAL NAME
Personal name Grez, Liliana Wilson,
Relator term il.
830 #0 - SERIES ADDED ENTRY--UNIFORM TITLE
Uniform title Beginning literacy.
910 ## - USER-OPTION DATA (OCLC)
User-option data Inventariado 2017
942 ## - ADDED ENTRY ELEMENTS (KOHA)
Source of classification or shelving scheme Dewey Decimal Classification
Koha item type Libros
956 ## - LOCAL ELECTRONIC LOCATION AND ACCESS (OCLC)
Access method LOPEREZ
Materials specified 10
Linkage 20161130
Field link and sequence number BPMSU
Host name 00041
Existencias
Withdrawn status Lost status Source of classification or shelving scheme Damaged status Not for loan Collection code Home library Current library Date acquired Source of acquisition Total Checkouts Full call number Barcode Date last seen Price effective from Koha item type
    Dewey Decimal Classification     Colección Infantil General Biblioteca Pública Metropolitana Salomé Ureña Biblioteca Pública Metropolitana Salomé Ureña 11/30/2016 FUNDI   xxxx xxxx BPMSU16111673 11/30/2016 11/30/2016 Libros